000 01472nam0a2200337 4500
001 RU\NLR\BIBL_A\011689734
005 20180511170218.0
010 _a978-5-389-14412-5
_96000
021 _aRU
_bАЛ-П-18-00217и
_9АЛ-П-18-0042
035 _a(NLR Aleph) 011689734
090 _a11332002
_c11332002
100 _a20180426d2018 d y0rusy50 ca
101 1 _arus
_ceng
102 _aRU
105 _a |||t 000 y
200 1 _aВселенная DC
_iRebirth
_eиздание делюкс
_e[графический роман]
_fДжефф Джонс, Гэри Фрэнк, Итан ван Скайвер [и др.
_gперевод с английского Н. Вавилова]
210 _aСанкт-Петербург [и др.]
_cАзбука [и др.]
_d2018
215 _a[96] с.
_cцв. ил.
_d27
300 _aНа 2-й с.: художники Гэри Фрэнк, Итан ван Скайвер
333 _a12+
686 1 _aЩ153(7США)65-475
686 1 _aШ6(7США)67-440.4комикс{Лх1979-50комикс}
702 1 _4570
_7ca
_8rus
_aДжонс
_bД.
_cписатель
_f1973-
_gДжефф
_9145986
_3RU\NLR\AUTH\770146022
702 1 _aФрэнк
_bГ.
_gГэри
_4040
702 1 _4040
_7ca
_8rus
_aВан Скайвер
_bИ.
_f1974-
_gИтан
_9185431
_3RU\NLR\AUTH\770185482
942 _cBOOK
980 _aNBR
980 _aNB